Community Courts Prospects and Limits

Saved in:  
Bibliographic Details
Main Author: Rottman, David B. (Author)
Format: Electronic Article
Language:English
Published: 1996
In: National Institute of Justice journal
Year: 1996, Volume: 231, Pages: 46-51
Online Access: Volltext (lizenzpflichtig)
Check availability: HBZ Gateway

MARC

LEADER 00000caa a22000002c 4500
001 191248451X
003 DE-627
005 20250126054941.0
007 cr uuu---uuuuu
008 241217s1996 xx |||||o 00| ||eng c
035 |a (DE-627)191248451X 
035 |a (DE-599)KXP191248451X 
040 |a DE-627  |b ger  |c DE-627  |e rda 
041 |a eng 
084 |a 2,1  |2 ssgn 
100 1 |a Rottman, David B.  |e VerfasserIn  |0 (DE-588)170268314  |0 (DE-627)060331917  |0 (DE-576)131168088  |4 aut 
109 |a Rottman, David B. 
245 1 0 |a Community Courts Prospects and Limits 
264 1 |c 1996 
336 |a Text  |b txt  |2 rdacontent 
337 |a Computermedien  |b c  |2 rdamedia 
338 |a Online-Ressource  |b cr  |2 rdacarrier 
773 0 8 |i Enthalten in  |a National Institute of Justice (USA)  |t National Institute of Justice journal  |d Washington, DC : NIJ, 1995  |g 231(1996), Seite 46-51  |h Online-Ressource  |w (DE-627)325296006  |w (DE-600)2035228-1  |w (DE-576)096188812  |7 nnas 
773 1 8 |g volume:231  |g year:1996  |g pages:46-51 
787 0 8 |i Forschungsdaten  |a Rottman, David  |t Evaluation of the Midtown Community Court in New York City, 1992-1994  |d [Erscheinungsort nicht ermittelbar] : [Verlag nicht ermittelbar], 2000  |w (DE-627)1840059869 
856 4 0 |u http://www.ncjrs.gov/abstractdb/search.asp  |x Verlag  |z lizenzpflichtig  |3 Volltext  |7 1 
935 |a mkri 
951 |a AR 
ELC |a 1 
LOK |0 000 xxxxxcx a22 zn 4500 
LOK |0 001 4637450012 
LOK |0 003 DE-627 
LOK |0 004 191248451X 
LOK |0 005 20241217044231 
LOK |0 008 241217||||||||||||||||ger||||||| 
LOK |0 035   |a (DE-2619)ICPSR26360 
LOK |0 040   |a DE-2619  |c DE-627  |d DE-2619 
LOK |0 092   |o n 
LOK |0 852   |a DE-2619 
LOK |0 852 1  |9 00 
LOK |0 935   |a nacp 
LOK |0 939   |a 17-12-24  |b l01 
ORI |a SA-MARC-krimdoka001.raw